UBT Library

Proposals that work : (Record no. 40508)

000 -LEADER
fixed length control field 01037cam a2200289 a 4500
001 - CONTROL NUMBER
control field 14538958
005 - DATE AND TIME OF LATEST TRANSACTION
control field 20180118093019.0
008 - FIXED-LENGTH DATA ELEMENTS--GENERAL INFORMATION
fixed length control field 060907s2007 caua bf 001 0 eng
010 ## - LIBRARY OF CONGRESS CONTROL NUMBER
LC control number 2006029739
020 ## - INTERNATIONAL STANDARD BOOK NUMBER
International Standard Book Number 9781412924221 (cloth)
020 ## - INTERNATIONAL STANDARD BOOK NUMBER
International Standard Book Number 1412924227 (cloth)
020 ## - INTERNATIONAL STANDARD BOOK NUMBER
International Standard Book Number 9781412924238 (pbk.)
020 ## - INTERNATIONAL STANDARD BOOK NUMBER
International Standard Book Number 1412924235 (pbk.)
035 ## - SYSTEM CONTROL NUMBER
System control number (OCoLC)ocm71507015
035 ## - SYSTEM CONTROL NUMBER
System control number (OCoLC)71507015
040 ## - CATALOGING SOURCE
Original cataloging agency DLC
Transcribing agency DLC
Modifying agency BAKER
-- C#P
-- YDXCP
-- JDR
-- BTCTA
-- DLC
041 ## - LANGUAGE CODE
Language code of text/sound track or separate title eng
080 ## - UNIVERSAL DECIMAL CLASSIFICATION NUMBER
Universal Decimal Classification number 001.44 LAW
082 00 - DEWEY DECIMAL CLASSIFICATION NUMBER
Classification number 001.44 LAW
Edition number 22
100 1# - Rafti
Rafti 45
101 ## - Shkurtesa
Shkurtesa EDU
245 10 - TITLE STATEMENT
Title Proposals that work :
Statement of responsibility, etc Lawrence F. Locke, Waneen Wyrick Spirduso, Stephen J. Silverman.
504 ## - BIBLIOGRAPHY, ETC. NOTE
Bibliography, etc Includes bibliographical references (p. 341-348) and index.
906 ## - LOCAL DATA ELEMENT F, LDF (RLIN)
a 7
b cbc
c orignew
d 1
e ecip
f 20
g y-gencatlg
942 ## - ADDED ENTRY ELEMENTS (KOHA)
Source of classification or shelving scheme
Item type Books
Holdings
Withdrawn status Lost status Source of classification or shelving scheme Damaged status Not for loan Collection code Permanent location Current location Shelving location Date acquired Total Checkouts Full call number Barcode Date last seen Price effective from Koha item type
          Koleksioni i përgjithshem UBT - Lipjan UBT - Lipjan Koleksioni i përgjithshem 01/18/2018   001.44 LAW 002-2995857 01/18/2018 01/18/2018 Books
UBT Library © 2015-2024. All rights reserved University Education for Business and Technology